| 000 | 01327nam a2200337 c 4500 | ||
|---|---|---|---|
| 003 | BLK | ||
| 005 | 20240316111108.0 | ||
| 008 | 180408b bul|||||r ||||||| ||bul|| | ||
| 010 | _aKNG00076478000 | ||
| 020 |
_a978-954-733-521-9 _bиздат.: Прозорец |
||
| 040 | _aBLK | ||
| 041 |
_aBUL _cBUL |
||
| 080 |
_aАнглийска литература _b821.111 _x-312.4 _z821.111-312.4 |
||
| 100 | 1 |
_aЪндъруд, Джон _eпърви автор _9295755 |
|
| 700 | 1 |
_aМихайлова, Мария _eпрев. _9365847 |
|
| 139 |
_aЪндъруд, Джон _bЪ |
||
| 245 | 1 | 0 |
_aЗад маската на Шекспир _bРоман _cДжон Ъндъруд; прев. Мария Михайлова. |
| 257 | _aGBR | ||
| 260 |
_аСофия _bПрозорец _c2007 _fСофия : Инвестпрес |
||
| 300 |
_a463 с. _c20 см |
||
| 380 | _aX | ||
| 500 | _aОриг. загл. The Shakespeare Chronicles / John Underwood. - Офс. изд. - Съдържа и Животът на Шекспир. | ||
| 653 | _aтрилъри | ||
| 653 | _aромани | ||
| 852 | _aЦб 234948 | ||
| 856 | 4 |
_qpdf _u |
|
| 856 | 4 |
_qpdf _u |
|
| 942 |
_cKNG _n0 _06 |
||
| 944 |
_aCR _c25.07.2007 _lДиана Гривева _k30529 |
||
| 944 |
_aED _c17.01.2017 _lф / _kЛюдмила_Стоянова |
||
| 999 |
_c72105 _d72105 |
||